Origins of modern Japanese literature /

Dades bibliogràfiques
Autor principal: Karatani, Kojin, 1941-
Altres autors: Bary, Brett de
Format: Llibre
Idioma:English
Japanese
Publicat: Durham, N.C. : Duke University Press, c1993.
Col·lecció:Post-contemporary interventions
Matèries:
Classic Catalogue: View this record in Classic Catalogue
LEADER 01794nam a2200385 a 4500
001 45760
003 BD-DhAAL
005 20260510183658.0
008 260510t1993 ncu b 001 0 eng
010 |a  92033670  
020 |a 9780822313236 
020 |a 082231312X 
020 |a 0822313235 
035 |a 3924250 
040 |a DLC  |c DLC  |d DLC  |d BD-DhAAL 
041 1 |a eng  |h jpn 
043 |a a-ja--- 
050 0 0 |a PL726.6  |b .K2813 1993 
082 0 0 |a 895.6090042  |2 20 
100 1 |a Karatani, Kojin,  |d 1941-  |9 60614 
240 1 0 |a Nihon kindai bungaku no kigen.  |l English 
245 1 0 |a Origins of modern Japanese literature /  |c Karatani Kojin ; translation edited by Brett de Bary. 
260 |a Durham, N.C. :  |b Duke University Press,  |c c1993. 
300 |a xx, 219 pages ;  |c 23 cm 
490 1 |a Post-contemporary interventions 
504 |a Includes bibliographical references (p. [197]-208) and index. 
526 8 |a AAL 
541 1 |a Donated by Embassy of Japan in Bangladesh, Read Japan Project 2025, The Tokyo Foundation, supported by The Nippon Foundation.  |e 45760 
650 0 |a Japanese literature  |y Meiji period, 1868-1912  |x History and criticism.  |9 60615 
700 1 |a Bary, Brett de.  |9 60616 
830 0 |a Post-contemporary interventions  |9 60617 
852 1 |a Ayesha Abed Library  |c General Stacks 
942 |2 ddc  |c BK 
999 |c 47917  |d 47917 
952 |0 0  |1 0  |2 ddc  |4 0  |6 895_609004200000000_KAR  |7 0  |9 79174  |a BRACUL  |b BRACUL  |d 2026-05-10  |e Donated by Embassy of Japan in Bangladesh, Read Japan Project 2025, The Tokyo Foundation, supported by The Nippon Foundation.  |l 0  |o 895.6090042 KAR  |p 3010045760  |r 2026-05-10  |t 1  |w 2026-05-10  |y BK  |x Donated copy received from Embassy of Japan in Bangladesh, Read Japan Project 2025, The Tokyo Foundation, supported by The Nippon Foundation on 08 April 2026; $18.98